00621nam a2200229Ia 4500008004100000020001500041050001000056050001600066100002300082245003700105245001900142260001800161260002500179260000900204300001500213300001100228500005100239650002500290650002500315650001800340650003300358170203s9999 xx 000 0 und d a9715015441 a226.2 b.H498k 1993 aHendrickx, Herman. 2aA key to the gospel of Matthew / cMark Hendrickx aQuezon City : bClaretian Publishing c1992 a58 pages ; c21 cm. aIncludes bibliographical references and index. a Bible. N.T. Matthew aBible. N.T. Gospels  xCommentaries. xLiturgical lessons, English.